000 01251pam a2200313 a 4500
001 4344640
003 NUST-PNEC
005 20170116180707.0
008 890803s1989 enka bf 000 0 eng
010 _a 89022163
020 _a040804392X
_cŁ55.00
040 _cPNEC
041 1 _aeng
_hdan
050 0 0 _aTA417.2
_b.N46513 1989
082 0 0 _a670 BOX
100 _9387
_aBoving Knud G
130 0 _aNDE ståbi.
_lEnglish.
245 1 0 _aNDE handbook :
_bnon-destructive examination methods for condition monitoring /
_cedited by Knud G. Bøving (The Danish Maintenance Society (Den Danske vedligeholdsforening--DDV)) ; [English translation by Frank Bason].
260 _aLondon ;
_aBoston :
_bButterworths,
_c1989.
300 _avii, 418 p. :
_bill. ;
_c24 cm.
500 _aTranslation of: NDE ståbi. http://www.amazon.fr/Nde-Handbook-Non-Destructive-Examination-Monitoring/dp/040804392X/ref=sr_1_1?ie=UTF8&qid=1411803236&sr=8-1&keywords=040804392X
504 _aIncludes bibliographical references.
648 _xME, AS
650 0 _aNondestructive testing
_vHandbooks, manuals, etc.
700 1 _aBøving, Knud G.
710 2 _aDanske vedligeholdsforening.
906 _a7
_bcbc
_corignew
_d1
_eocip
_f19
_gy-gencatlg
942 _2ddc
_cBK
999 _c60773
_d60773